[Event "Quebec op U1200"]
[Site "Laval CAN"]
[Date "2022.09.05"]
[Round "7.102"]
[White "Geillon, Christiane Nathalie"]
[Black "Moses, Niam"]
[Result "0-1"]
[WhiteElo "687"]
[BlackElo "1036"]
[PlyCount "62"]
[EventDate "2022.09.01"]
[EventType "swiss"]
[EventRounds "9"]
[EventCountry "CAN"]

1. e4 e5 2. Nf3 Nc6 3. c4 Nf6 4. Nc3 Bb4 5. a3 Bxc3 6. bxc3 Nxe4 7. g4 d6 8. d3
Nc5 9. Bg2 Bxg4 10. Nd2 Bxd1 11. O-O Bh5 12. h3 Nxd3 13. Ne4 O-O 14. Be3 Bg6
15. Rfe1 Nxe1 16. Rxe1 Bxe4 17. Bxe4 Na5 18. a4 Nxc4 19. Bc1 d5 20. Bf5 Nd6 21.
Bd3 e4 22. Be2 Qh4 23. Rf1 Qxh3 24. Re1 Nc4 25. Bf4 e3 26. Bxc7 exf2+ 27. Kxf2
Qh4+ 28. Bg3 Qf6+ 29. Kg1 Qxc3 30. Rf1 Qxg3+ 31. Kh1 Ne3 0-1

[Event "Quebec op U1200"]
[Site "Laval CAN"]
[Date "2022.09.05"]
[Round "8.87"]
[White "Saillant, Christopher"]
[Black "Pietka, Krystyn"]
[Result "1-0"]
[WhiteElo "1150"]
[BlackElo "1137"]
[PlyCount "109"]
[EventDate "2022.09.01"]
[EventType "swiss"]
[EventRounds "9"]
[EventCountry "CAN"]

1. e4 c6 2. d4 d5 3. Nc3 dxe4 4. Nxe4 Nd7 5. Qe2 Ndf6 6. Nxf6+ Nxf6 7. Nf3 Bg4
8. Be3 Nd5 9. O-O-O Nxe3 10. fxe3 Qa5 11. Kb1 O-O-O 12. h3 Be6 13. a3 f6 14. e4
Bf7 15. e5 e6 16. Qe3 Qb6 17. Bc4 Be7 18. exf6 Bxf6 19. Bxe6+ Bxe6 20. Qxe6+
Kb8 21. Qf5 Ka8 22. c3 Rd6 23. Ne5 g6 24. Qf4 Bxe5 25. Qxe5 Qd8 26. Rhe1 Rd5
27. Qe7 a6 28. Re5 Rxe5 29. Qxe5 Re8 30. Qg7 Re7 31. Qf6 Qe8 32. Qh4 h5 33. d5
Re4 34. Qf6 Re1 35. Qd4 Qe2 36. Rxe1 Qxe1+ 37. Ka2 cxd5 38. Qxd5 Qg3 39. Qf3
Qd6 40. Qe4 Qf6 41. Qd4 Qc6 42. g4 Qe6+ 43. c4 Kb8 44. Qd5 Qxd5 45. cxd5 Kc7
46. Kb3 Kd6 47. Kc4 hxg4 48. hxg4 g5 49. Kd4 b6 50. b3 b5 51. b4 Kd7 52. Ke5
Ke7 53. Kf5 Kd6 54. Kxg5 Kxd5 55. Kh6 1-0

[Event "Quebec op U1200"]
[Site "Laval CAN"]
[Date "2022.09.05"]
[Round "8.88"]
[White "Hasbun, Merick"]
[Black "Claveau, Jean-Michel"]
[Result "0-1"]
[WhiteElo "1131"]
[BlackElo "1152"]
[PlyCount "84"]
[EventDate "2022.09.01"]
[EventType "swiss"]
[EventRounds "9"]
[EventCountry "CAN"]

1. e4 d5 2. exd5 Qxd5 3. Nc3 Qa5 4. d4 Nf6 5. Nf3 Bf5 6. Bd2 c6 7. h3 Nbd7 8.
g4 Bg6 9. Ne4 Qd8 10. Nc3 e6 11. Nh4 Be4 12. Nxe4 Nxe4 13. Nf3 Nxd2 14. Qxd2
Be7 15. O-O-O h6 16. h4 Nf6 17. Bd3 Nxg4 18. Rhg1 f5 19. Rxg4 fxg4 20. Bg6+ Kd7
21. Ne5+ Kc7 22. Nf7 Qd5 23. Re1 Bxh4 24. Nxh8 Bg5 25. Re3 Bxe3 26. Qxe3 Rxh8
27. Qf4+ Qd6 28. Qxg4 Rf8 29. c4 Qf4+ 30. Qxf4+ Rxf4 31. Kc2 Rxf2+ 32. Kc3 Rg2
33. Bf7 Kd6 34. a3 g5 35. c5+ Kd7 36. Kc4 Rxb2 37. a4 a5 38. d5 exd5+ 39. Bxd5
cxd5+ 40. Kxd5 g4 41. Ke4 Rb4+ 42. Kf5 g3 0-1

[Event "Quebec op U1200"]
[Site "Laval CAN"]
[Date "2022.09.05"]
[Round "8.90"]
[White "Kapsales, Christian"]
[Black "Nguyen, Danny"]
[Result "0-1"]
[WhiteElo "873"]
[BlackElo "1165"]
[PlyCount "86"]
[EventDate "2022.09.01"]
[EventType "swiss"]
[EventRounds "9"]
[EventCountry "CAN"]

1. e4 c6 2. Nf3 d5 3. exd5 cxd5 4. d4 Nf6 5. Nc3 Bg4 6. h3 Bxf3 7. Qxf3 Nc6 8.
Bb5 e6 9. Bg5 Be7 10. O-O O-O 11. Bxc6 bxc6 12. Rad1 Rb8 13. b3 h6 14. Bh4 Qc7
15. Na4 Ne4 16. Bxe7 Qxe7 17. Nc3 Nxc3 18. Qxc3 Rfc8 19. a4 c5 20. dxc5 Rxc5
21. Qe5 Rbc8 22. f4 Rxc2 23. f5 Qg5 24. g4 h5 25. Qf4 Qxf4 26. Rxf4 hxg4 27.
hxg4 e5 28. Rf2 d4 29. Rxc2 Rxc2 30. Rb1 e4 31. Rd1 d3 32. Kf1 Kf8 33. Ke1 Ke7
34. Rd2 Kd6 35. Kd1 Rxd2+ 36. Kxd2 Kc5 37. Kc3 a5 38. g5 f6 39. gxf6 gxf6 40.
b4+ axb4+ 41. Kd2 b3 42. Kc3 e3 43. a5 d2 0-1

[Event "Quebec op U1200"]
[Site "Laval CAN"]
[Date "2022.09.05"]
[Round "8.92"]
[White "Forcier, Jeremie"]
[Black "Savard, Alain"]
[Result "0-1"]
[WhiteElo "1114"]
[BlackElo "1063"]
[PlyCount "28"]
[EventDate "2022.09.01"]
[EventType "swiss"]
[EventRounds "9"]
[EventCountry "CAN"]

1. Nf3 e6 2. c4 Nf6 3. d4 d5 4. Nc3 c6 5. Bg5 Be7 6. Qc2 Nbd7 7. e4 dxe4 8.
Nxe4 Nxe4 9. Qxe4 Bxg5 10. Qg4 Qa5+ 11. Kd1 Bh6 12. Bd3 Nf6 13. Qg3 O-O 14. Ne5
Qd2# 0-1

[Event "Quebec op U1200"]
[Site "Laval CAN"]
[Date "2022.09.05"]
[Round "8.95"]
[White "Loevenich, Anna"]
[Black "Geillon-Barral, Roween"]
[Result "0-1"]
[WhiteElo "932"]
[BlackElo "1076"]
[PlyCount "40"]
[EventDate "2022.09.01"]
[EventType "swiss"]
[EventRounds "9"]
[EventCountry "CAN"]

1. Nf3 d5 2. g3 Nf6 3. Bg2 Nc6 4. O-O Bf5 5. d3 e5 6. Re1 Be7 7. Nbd2 O-O 8. b3
e4 9. Nh4 Be6 10. dxe4 Bc5 11. h3 Qd7 12. exd5 Nxd5 13. Bb2 Bxh3 14. e4 Bxg2
15. Kxg2 Nf6 16. f3 Rad8 17. a3 Qxd2+ 18. Kh3 Nh5 19. Qxd2 Rxd2 20. Be5 Nxe5
0-1

[Event "Quebec op U1200"]
[Site "Laval CAN"]
[Date "2022.09.05"]
[Round "8.96"]
[White "Arcand, Pierre"]
[Black "Hong, Ethan"]
[Result "0-1"]
[WhiteElo "1182"]
[BlackElo "1022"]
[PlyCount "126"]
[EventDate "2022.09.01"]
[EventType "swiss"]
[EventRounds "9"]
[EventCountry "CAN"]

1. e4 c6 2. Nf3 d5 3. exd5 cxd5 4. Bb5+ Bd7 5. Bxd7+ Nxd7 6. d4 Ngf6 7. h3 e6
8. O-O Rc8 9. Bg5 Be7 10. Nc3 h6 11. Bf4 O-O 12. a3 Qb6 13. Rb1 Bd6 14. Bxd6
Qxd6 15. Re1 Rfe8 16. Ne5 Qb6 17. Ne2 Nxe5 18. dxe5 Nd7 19. Nd4 Rc4 20. c3 Nb8
21. Qd2 Rec8 22. Rec1 Qc7 23. Qe2 a6 24. Nf3 Re4 25. Qd2 Nd7 26. Re1 Nf8 27.
Rxe4 dxe4 28. Nd4 Qxe5 29. Qe3 f5 30. Nf3 Qd6 31. Nd4 Ng6 32. g3 Ne7 33. Kg2 e5
34. Ne2 Nd5 35. Qc1 Rf8 36. Qd1 Rd8 37. Qc2 e3 38. f3 f4 39. g4 Nf6 40. Qb3+
Qd5 41. Qxd5+ Rxd5 42. Kf1 g5 43. Ke1 e4 44. Nd4 exf3 45. Nxf3 Ne4 46. Nd4 Nd2
47. Rd1 f3 48. Rxd2 f2+ 49. Rxf2 exf2+ 50. Kxf2 Kf7 51. Kf3 Re5 52. Nf5 Kg6 53.
Nd6 b5 54. Ne4 Rd5 55. Ke3 Rd1 56. Nc5 Rb1 57. Nxa6 Rxb2 58. Nc5 Ra2 59. Kd4
Rxa3 60. c4 bxc4 61. Kxc4 Rxh3 62. Ne4 Rh4 63. Nf2 h5 0-1

[Event "Quebec op U1200"]
[Site "Laval CAN"]
[Date "2022.09.05"]
[Round "8.99"]
[White "Guo, Laura"]
[Black "Nagnibedovsky, Elizabeth"]
[Result "1-0"]
[WhiteElo "704"]
[BlackElo "687"]
[PlyCount "109"]
[EventDate "2022.09.01"]
[EventType "swiss"]
[EventRounds "9"]
[EventCountry "CAN"]

1. d4 d5 2. c4 Be6 3. e3 g5 4. Nc3 b5 5. Nxb5 Qc8 6. Nf3 Bh6 7. Be2 Nf6 8. b3
Ne4 9. O-O O-O 10. Bb2 f6 11. cxd5 Bd7 12. Nc3 Nd6 13. Rc1 Nf5 14. Qc2 Qe8 15.
e4 Nd6 16. Rfe1 g4 17. Nh4 f5 18. Rcd1 a5 19. Nxf5 Nf7 20. Bxg4 Bg5 21. e5 Nh6
22. Bh3 Na6 23. e6 Bb5 24. Nxb5 Rb8 25. Nc3 Nb4 26. Qe4 Qg6 27. Nxh6+ Qxh6 28.
Bc1 Qg7 29. Bxg5 Qxg5 30. a3 Na6 31. Qg4 h6 32. Qxg5+ hxg5 33. Re5 Rf4 34. g3
Rf6 35. Rxg5+ Kf8 36. Rb1 Rb6 37. Bf1 Nb8 38. b4 c6 39. bxa5 Rxb1 40. Nxb1 cxd5
41. a6 Rxe6 42. Rxd5 Nxa6 43. Bxa6 Rxa6 44. Rf5+ Ke8 45. h4 Rg6 46. h5 Rh6 47.
a4 Rh7 48. a5 Rg7 49. a6 Rg4 50. Ra5 e6 51. a7 Rxd4 52. a8=Q+ Ke7 53. Qa7+ Ke8
54. Qg7 Kd8 55. Ra8# 1-0

[Event "Quebec op U1200"]
[Site "Laval CAN"]
[Date "2022.09.06"]
[Round "9.87"]
[White "Pietka, Krystyn"]
[Black "Claveau, Jean-Michel"]
[Result "0-1"]
[WhiteElo "1137"]
[BlackElo "1152"]
[PlyCount "126"]
[EventDate "2022.09.01"]
[EventType "swiss"]
[EventRounds "9"]
[EventCountry "CAN"]

1. c4 c5 2. Nc3 Nc6 3. Nf3 g6 4. d4 Nxd4 5. Nxd4 cxd4 6. Qxd4 Nf6 7. Bf4 Bg7 8.
a3 O-O 9. e4 d6 10. Qd2 Nd7 11. Bh6 Nc5 12. Bxg7 Kxg7 13. Rb1 e5 14. Rd1 Be6
15. Qxd6 Qxd6 16. Rxd6 Rfd8 17. Rxd8 Rxd8 18. Nd5 Nxe4 19. Ne3 Nc5 20. Be2 Nb3
21. O-O Rd2 22. Bf3 b6 23. Rb1 Bf5 24. Nxf5+ gxf5 25. Bd1 Nc5 26. Kf1 Nd3 27.
Be2 Nxb2 28. Ke1 Rc2 29. f3 Nxc4 30. Bd3 Rc3 31. Bxf5 Nxa3 32. Ra1 a5 33. Kf2
b5 34. Rd1 b4 35. Rd5 Nc4 36. Rd7 b3 37. Be6 Kf6 38. Bxf7 b2 39. Rb7 Rc2+ 40.
Kg3 Nd2 41. Ba2 a4 42. Rxh7 b1=Q 43. Bxb1 Nxb1 44. Rb7 Nd2 45. Rb6+ Kf5 46. h4
a3 47. Kh3 a2 48. g4+ Kf4 49. Rf6+ Ke3 50. Ra6 Nb3 51. h5 a1=Q 52. Rxa1 Nxa1
53. Kh4 Kxf3 54. Kg5 Rc6 55. Kf5 e4 56. g5 e3 57. g6 Rc5+ 58. Kf6 Rxh5 59. g7
e2 60. g8=Q e1=Q 61. Qa8+ Kf4 62. Qb8+ Qe5+ 63. Qxe5+ Rxe5 0-1

[Event "Quebec op U1200"]
[Site "Laval CAN"]
[Date "2022.09.06"]
[Round "9.88"]
[White "Schatz, Alexander"]
[Black "Hasbun, Merick"]
[Result "1-0"]
[WhiteElo "957"]
[BlackElo "1131"]
[PlyCount "89"]
[EventDate "2022.09.01"]
[EventType "swiss"]
[EventRounds "9"]
[EventCountry "CAN"]

1. e4 c6 2. d4 d5 3. exd5 cxd5 4. Nc3 Bf5 5. Bf4 e6 6. Nf3 Bb4 7. Bb5+ Nc6 8.
Ne5 Nge7 9. O-O O-O 10. Ne2 Rc8 11. c3 Ba5 12. Ng3 a6 13. Bd3 Bxd3 14. Qxd3 b5
15. Nh5 Nf5 16. Qf3 Nxe5 17. dxe5 b4 18. g3 bxc3 19. Qg4 Kh8 20. bxc3 Bxc3 21.
Rab1 Qa5 22. Rb7 Bd2 23. a3 Bxf4 24. Qxf4 Qxa3 25. g4 Nh4 26. Rxf7 Qf3 27.
Rxf8+ Rxf8 28. Qg3 Qxg3+ 29. hxg3 Nf3+ 30. Kg2 a5 31. Ra1 Nxe5 32. Rxa5 Nxg4
33. Ra1 e5 34. Ra5 g6 35. f3 gxh5 36. fxg4 Rd8 37. gxh5 e4 38. Kf2 Kg7 39. Ke3
Kh6 40. Ra7 d4+ 41. Kxe4 d3 42. Ra1 d2 43. Rd1 Kxh5 44. Kf5 h6 45. Rh1# 1-0

[Event "Quebec op U1200"]
[Site "Laval CAN"]
[Date "2022.09.06"]
[Round "9.90"]
[White "Savard, Alain"]
[Black "Chen, Baige"]
[Result "0-1"]
[WhiteElo "1063"]
[BlackElo "917"]
[PlyCount "84"]
[EventDate "2022.09.01"]
[EventType "swiss"]
[EventRounds "9"]
[EventCountry "CAN"]

1. d4 Nf6 2. Bf4 d5 3. e3 Bf5 4. Nf3 e6 5. c3 Bd6 6. Bg3 Nbd7 7. Nbd2 Nb6 8.
Ne5 Nfd7 9. f4 Qe7 10. Ndf3 Bxe5 11. dxe5 Nc5 12. Be2 Ne4 13. Nd4 Bg6 14. Rf1
c5 15. Bb5+ Nd7 16. Nb3 a6 17. Be2 O-O 18. Bh5 Rfd8 19. Bxg6 hxg6 20. Qg4 Rf8
21. Bh4 Qe8 22. Rf3 f6 23. Rh3 fxe5 24. fxe5 Nxe5 25. Qe2 c4 26. Nd2 Nd3+ 27.
Kd1 Ndf2+ 28. Kc2 Nxh3 29. Nxe4 dxe4 30. gxh3 b5 31. Qg2 Rf3 32. Bg5 Qf7 33.
Bf4 Qf5 34. Rg1 Rxh3 35. b3 cxb3+ 36. axb3 Rh5 37. b4 a5 38. Qxg6 Qxg6 39. Rxg6
axb4 40. cxb4 Rd5 41. Bh6 Kh7 42. Rxe6 gxh6 0-1

[Event "Quebec op U1200"]
[Site "Laval CAN"]
[Date "2022.09.06"]
[Round "9.93"]
[White "Geillon-Barral, Roween"]
[Black "Forcier, Jeremie"]
[Result "0-1"]
[WhiteElo "1076"]
[BlackElo "1114"]
[PlyCount "130"]
[EventDate "2022.09.01"]
[EventType "swiss"]
[EventRounds "9"]
[EventCountry "CAN"]

1. e4 d5 2. exd5 Nf6 3. d4 Nxd5 4. Nf3 g6 5. Bc4 Nb6 6. Bb3 Bg7 7. O-O O-O 8.
Be3 Bg4 9. c3 Nc6 10. Nbd2 a5 11. a3 a4 12. Ba2 Nd5 13. Bg5 Nf6 14. Re1 Ra5 15.
Bb1 Rxg5 16. h3 Bxf3 17. Nxf3 Ra5 18. Bc2 b5 19. Qd2 Qd5 20. Ne5 Nxe5 21. Rxe5
Qd6 22. Re2 c6 23. Rae1 e6 24. c4 Ra6 25. c5 Qc7 26. g3 Rd8 27. Bb1 Nd5 28. Be4
Ne7 29. Bg2 Rxd4 30. Qc1 h5 31. Rd1 Nf5 32. Be4 Rxd1+ 33. Qxd1 Nd4 34. Re3 f5
35. Bg2 Qe7 36. Rd3 Qxc5 37. Qd2 Qd6 38. Qd1 e5 39. f3 c5 40. Rd2 e4 41. fxe4
Qxg3 42. Rd3 Qe5 43. Qe1 Rd6 44. Kh1 Nc2 45. Qd2 Rxd3 46. Qxd3 Qxb2 47. Qd5+
Kh7 48. exf5 Qc1+ 49. Kh2 Qf4+ 50. Kh1 Qxf5 51. Qd2 Bd4 52. Qe2 Qf2 53. Qe7+
Kh6 54. Kh2 Ne3 55. Qb7 Qxg2+ 56. Qxg2 Nxg2 57. Kxg2 b4 58. h4 b3 59. Kf3 b2
60. Kg2 b1=Q 61. Kh3 Qd3+ 62. Kg2 Qe2+ 63. Kh1 Qg4 64. Kh2 Bf2 65. Kh1 Qg1# 0-1

[Event "Quebec op U1200"]
[Site "Laval CAN"]
[Date "2022.09.06"]
[Round "9.94"]
[White "Desjardins, Nicolas"]
[Black "Kapsales, Christian"]
[Result "1/2-1/2"]
[WhiteElo "1107"]
[BlackElo "873"]
[PlyCount "120"]
[EventDate "2022.09.01"]
[EventType "swiss"]
[EventRounds "9"]
[EventCountry "CAN"]

1. e4 c6 2. Nc3 e5 3. f4 exf4 4. Nf3 d5 5. exd5 cxd5 6. d4 Nc6 7. Bxf4 Nf6 8.
Bb5 a6 9. Ba4 Bd6 10. Bg5 Qe7+ 11. Qe2 Qxe2+ 12. Nxe2 Bg4 13. O-O O-O 14. Rae1
Ne4 15. Bf4 Rad8 16. Ne5 Nxe5 17. Bxe5 Bxe5 18. dxe5 b5 19. Bb3 Rfe8 20. Rf4
Bh5 21. Ng3 Bg6 22. c3 Rxe5 23. Bc2 Rde8 24. Nh1 Nd6 25. Rxe5 Rxe5 26. Bxg6
hxg6 27. Ng3 Ne4 28. Nxe4 dxe4 29. Kf2 Rf5 30. Ke3 Rxf4 31. Kxf4 f5 32. h4 Kf7
33. b3 Ke6 34. c4 bxc4 35. bxc4 Kd6 36. g3 Kc5 37. g4 fxg4 38. Kxe4 g3 39. Kf3
g2 40. Kxg2 Kxc4 41. Kf3 a5 42. Kf4 Kd5 43. Kg5 Ke5 44. Kxg6 Kf4 45. Kxg7 Kg4
46. Kf6 Kxh4 47. Ke5 Kg4 48. Kd4 Kf4 49. Kc4 Ke5 50. Kc5 Ke4 51. a4 Ke5 52. Kb5
Kd6 53. Kb6 Kd7 54. Kxa5 Kc7 55. Ka6 Kc6 56. Ka7 Kc5 57. a5 Kc6 58. Ka6 Kc7 59.
Kb5 Kb7 60. a6+ Ka8 1/2-1/2

[Event "Quebec op U1200"]
[Site "Laval CAN"]
[Date "2022.09.06"]
[Round "9.95"]
[White "Arcand, Pierre"]
[Black "Pepin, Pierre-Luc"]
[Result "1-0"]
[WhiteElo "1182"]
[BlackElo "1054"]
[PlyCount "55"]
[EventDate "2022.09.01"]
[EventType "swiss"]
[EventRounds "9"]
[EventCountry "CAN"]

1. e4 e5 2. Nf3 d6 3. h3 Nf6 4. Nc3 Nc6 5. Bb5 Bd7 6. d3 a6 7. Bc4 b5 8. Bb3
Na5 9. O-O Nxb3 10. axb3 h6 11. Bd2 Be7 12. Ra5 c6 13. Ne2 Qc8 14. Ng3 Bd8 15.
Ra3 Bb6 16. Ba5 Ba7 17. Qe2 Rb8 18. Bd2 Rb6 19. Rfa1 c5 20. Be3 Rc6 21. c4 b4
22. R3a2 O-O 23. Nh4 Kh7 24. Nhf5 Re8 25. Qd2 Bb8 26. Bxh6 gxh6 27. Qxh6+ Kg8
28. Qg7# 1-0

[Event "Quebec op U1200"]
[Site "Laval CAN"]
[Date "2022.09.06"]
[Round "9.97"]
[White "Bayder, Maria"]
[Black "Guo, Laura"]
[Result "1-0"]
[WhiteElo "1104"]
[BlackElo "704"]
[PlyCount "62"]
[EventDate "2022.09.01"]
[EventType "swiss"]
[EventRounds "9"]
[EventCountry "CAN"]

1. e4 c5 2. Nf3 d6 3. Nc3 Nf6 4. Bb5+ Nbd7 5. O-O e6 6. d3 Be7 7. h3 O-O 8. Re1
a6 9. Bc4 b6 10. Bf4 Bb7 11. a3 h6 12. Rb1 b5 13. Bb3 Rc8 14. e5 dxe5 15. Nxe5
Nd5 16. Nxd5 Bxd5 17. Bxd5 exd5 18. Qg4 Nxe5 19. Rxe5 Re8 20. Bxh6 Bf6 21.
Rxe8+ Qxe8 22. Kf1 Qc6 23. b3 Re8 24. Re1 Rxe1+ 25. Kxe1 c4 26. dxc4 bxc4 27.
bxc4 dxc4 28. Bg5 Bxg5 29. Qxg5 f6 30. Qg3 Qc5 31. Ke2 Qxa3 1-0

[Event "Quebec op U1400"]
[Site "Laval CAN"]
[Date "2022.09.01"]
[Round "1.74"]
[White "Normand, Louis"]
[Black "Chira, Dan"]
[Result "1-0"]
[WhiteElo "1271"]
[BlackElo "1398"]
[PlyCount "45"]
[EventDate "2022.09.01"]
[EventType "swiss"]
[EventRounds "9"]
[EventCountry "CAN"]

1. d4 Nf6 2. Nf3 d5 3. e3 g6 4. Bd3 Bg7 5. Nbd2 O-O 6. c3 Bg4 7. h3 Bxf3 8.
Qxf3 Nbd7 9. O-O a6 10. e4 dxe4 11. Nxe4 c6 12. a4 a5 13. Re1 h6 14. Qg3 Nxe4
15. Bxe4 Nf6 16. Bd3 Kh7 17. Qh4 e6 18. Bg5 Kg8 19. Bxh6 Bxh6 20. Qxh6 Nd5 21.
Bxg6 Nf6 22. Bd3 c5 23. Re5 1-0

[Event "Quebec op U1400"]
[Site "Laval CAN"]
[Date "2022.09.01"]
[Round "1.75"]
[White "Laramee-Lamoureux, Mickael"]
[Black "Couture, Francois"]
[Result "1-0"]
[WhiteElo "1374"]
[BlackElo "1246"]
[PlyCount "57"]
[EventDate "2022.09.01"]
[EventType "swiss"]
[EventRounds "9"]
[EventCountry "CAN"]

1. d4 Nf6 2. c4 e6 3. Nc3 d5 4. Nf3 Bb4 5. Bg5 Be7 6. e3 Nbd7 7. cxd5 Nxd5 8.
Bxe7 Qxe7 9. Bd3 O-O 10. Qc2 N7f6 11. Rc1 Nb4 12. Qd1 Nxd3+ 13. Qxd3 Bd7 14.
Ne5 a6 15. O-O Qd6 16. Rfe1 Rac8 17. Ne4 Nxe4 18. Qxe4 c6 19. b4 f5 20. Qh4 Be8
21. a3 b6 22. Rc4 c5 23. bxc5 bxc5 24. Rec1 Bb5 25. Rxc5 Rce8 26. Rc7 Qxa3 27.
Qg5 Re7 28. Qxe7 Qxe7 29. Rxe7 1-0

[Event "Quebec op U1400"]
[Site "Laval CAN"]
[Date "2022.09.01"]
[Round "1.76"]
[White "Michel, Andie"]
[Black "Rauch, Damian"]
[Result "0-1"]
[WhiteElo "1239"]
[BlackElo "1344"]
[PlyCount "66"]
[EventDate "2022.09.01"]
[EventType "swiss"]
[EventRounds "9"]
[EventCountry "CAN"]

1. e4 e5 2. Nf3 Nf6 3. Nc3 Nc6 4. Bc4 Nxe4 5. O-O Nxc3 6. dxc3 Be7 7. a3 O-O 8.
Re1 d6 9. Bf1 Bg4 10. Be2 f5 11. Qd5+ Kh8 12. h3 Bh5 13. Qd1 d5 14. Nh2 Bxe2
15. Rxe2 e4 16. Nf1 f4 17. Rd2 Rf5 18. b4 Ne5 19. Kh1 c6 20. a4 Qe8 21. Qe2 f3
22. gxf3 Nxf3 23. Ng3 Qg6 24. Rd1 Rf7 25. b5 Raf8 26. Rf1 Bd6 27. bxc6 Bxg3 28.
Ba3 Qh5 29. Kg2 Nh4+ 30. Kxg3 Qxe2 31. Bxf8 Qf3+ 32. Kxh4 Qf4+ 33. Kh5 g6# 0-1

[Event "Quebec op U1400"]
[Site "Laval CAN"]
[Date "2022.09.01"]
[Round "1.77"]
[White "Gurevitch, Benjamin"]
[Black "Ouimet, Alain"]
[Result "0-1"]
[WhiteElo "1325"]
[BlackElo "1225"]
[PlyCount "82"]
[EventDate "2022.09.01"]
[EventType "swiss"]
[EventRounds "9"]
[EventCountry "CAN"]

1. e4 Nf6 2. e5 Nd5 3. d4 d6 4. c4 Nb6 5. Nf3 Bg4 6. h3 Bf5 7. Nc3 Nc6 8. Bf4
Nb4 9. Rc1 h6 10. Be2 e6 11. O-O Be7 12. Qb3 Nd3 13. Bxd3 Bxd3 14. Rfd1 Bxc4
15. Qc2 Bd5 16. Nxd5 Nxd5 17. Qa4+ Qd7 18. Qxd7+ Kxd7 19. Bh2 Rac8 20. a3 f5
21. Rc2 g5 22. Nd2 Rhg8 23. Nb3 g4 24. Rd3 f4 25. hxg4 Rxg4 26. Rf3 Rcg8 27. g3
h5 28. Kf1 fxg3 29. Rxg3 Rxg3 30. Bxg3 Rxg3 31. Rxc7+ Kxc7 32. fxg3 Ne3+ 33.
Ke2 Nf5 34. Kf3 d5 35. Kf4 b6 36. Kf3 a5 37. g4 hxg4+ 38. Kxg4 a4 39. Nd2 Nxd4
40. Kh5 b5 41. Kg6 Kd7 0-1

[Event "Quebec op U1400"]
[Site "Laval CAN"]
[Date "2022.09.01"]
[Round "1.78"]
[White "Fallet, Maurice"]
[Black "Adam, Sebastien"]
[Result "0-1"]
[WhiteElo "1224"]
[BlackElo "1322"]
[PlyCount "64"]
[EventDate "2022.09.01"]
[EventType "swiss"]
[EventRounds "9"]
[EventCountry "CAN"]

1. d4 Nf6 2. c4 e6 3. Nc3 Bb4 4. e3 O-O 5. Bd3 b6 6. Nge2 Bb7 7. O-O d5 8. cxd5
Nxd5 9. e4 Nxc3 10. bxc3 Be7 11. Ng3 c5 12. Be3 cxd4 13. cxd4 Nc6 14. e5 f5 15.
Qh5 Nxe5 16. Bc2 g6 17. Qh3 Ng4 18. Ne2 Bd6 19. f4 Qc7 20. Rac1 Qd7 21. Bb3 Ba6
22. Bc4 Bxc4 23. Rxc4 Rac8 24. Rcc1 Qb5 25. Qf3 Qd3 26. Bf2 Qxf3 27. gxf3 Nf6
28. Bh4 Nd5 29. Rfd1 Bxf4 30. Nxf4 Nxf4 31. Rxc8 Rxc8 32. Rf1 Ne2+ 0-1

[Event "Quebec op U1400"]
[Site "Laval CAN"]
[Date "2022.09.01"]
[Round "1.79"]
[White "Cloutier, Stephane"]
[Black "Khatchikian, Eva"]
[Result "0-1"]
[WhiteElo "1319"]
[BlackElo "1214"]
[PlyCount "110"]
[EventDate "2022.09.01"]
[EventType "swiss"]
[EventRounds "9"]
[EventCountry "CAN"]

1. e4 e5 2. Nf3 Nc6 3. Bb5 a6 4. Ba4 Nf6 5. O-O b5 6. Bb3 Bc5 7. d3 d6 8. Bg5
h6 9. Bh4 Bb7 10. c3 g5 11. Bg3 Ba7 12. d4 Qe7 13. d5 Na5 14. Nbd2 Rg8 15. a4
Nxb3 16. Qxb3 c6 17. dxc6 Bxc6 18. axb5 axb5 19. Rfe1 h5 20. h4 gxh4 21. Nxh4
Rxg3 22. Nf5 Qd7 23. Nxg3 Qg4 24. Qc2 h4 25. Nh1 Qg5 26. Nf3 Qg4 27. Nd2 h3 28.
g3 Nh5 29. Qd1 Qg6 30. Kh2 Bxf2 31. Rxa8+ Bxa8 32. Rg1 Bxg1+ 33. Qxg1 Bxe4 34.
Nxe4 Qxe4 35. Kxh3 Qc2 36. Qf2 Qxf2 37. Nxf2 Ke7 38. Kg4 Ng7 39. Kg5 Ke6 40. g4
f5 41. Kg6 fxg4 42. Kxg7 g3 43. Nh3 Kf5 44. Kf7 e4 45. Ke7 d5 46. b3 Kg4 47.
Ng1 g2 48. Kd6 e3 49. Kxd5 Kg3 50. Ke4 Kf2 51. Nh3+ Ke2 52. c4 bxc4 53. bxc4
Kd2 54. Ng1 e2 55. Nf3+ Kd1 0-1

[Event "Quebec op U1400"]
[Site "Laval CAN"]
[Date "2022.09.01"]
[Round "1.80"]
[White "Mickelson, Jonah"]
[Black "Guillemette, Thomas"]
[Result "0-1"]
[WhiteElo "1160"]
[BlackElo "1307"]
[PlyCount "89"]
[EventDate "2022.09.01"]
[EventType "swiss"]
[EventRounds "9"]
[EventCountry "CAN"]

1. e4 c5 2. c3 d6 3. d4 cxd4 4. cxd4 Nf6 5. Nc3 g6 6. Bg5 Bg7 7. Nf3 Nc6 8. Bc4
Bg4 9. Be2 Bxf3 10. Bxf3 Qb6 11. d5 Ne5 12. Rb1 Nxf3+ 13. Qxf3 O-O 14. O-O Rfe8
15. Rfc1 Rac8 16. h3 Nd7 17. Qe3 Bd4 18. Qg3 Nf6 19. Be3 Bxe3 20. Qxe3 Qxe3 21.
fxe3 Rc4 22. Kf2 Rec8 23. Kf3 Nxe4 24. Ne2 Nd2+ 25. Kf2 Nxb1 26. Rxb1 Rc2 27.
Kf3 Rd2 28. Nc3 a6 29. a4 e6 30. Ne4 Rdc2 31. dxe6 fxe6 32. Nxd6 Rc1 33. Rxc1
Rxc1 34. Nxb7 Rb1 35. Nc5 Rxb2 36. Nxa6 Kf7 37. Nc5 Rc2 38. Ne4 Ke7 39. g4 Rc4
40. h4 Rxa4 41. h5 gxh5 42. gxh5 Ra5 43. Kg4 Re5 44. Ng5 h6 45. e4 0-1

[Event "Quebec op U1400"]
[Site "Laval CAN"]
[Date "2022.09.01"]
[Round "1.81"]
[White "Maurice, Mathieu"]
[Black "Ivanov, Yuan Maksin"]
[Result "0-1"]
[WhiteElo "1287"]
[BlackElo "1020"]
[PlyCount "132"]
[EventDate "2022.09.01"]
[EventType "swiss"]
[EventRounds "9"]
[EventCountry "CAN"]

1. Nf3 d5 2. c4 dxc4 3. e3 Nc6 4. Bxc4 e5 5. Nc3 Bd6 6. O-O Bg4 7. h3 h5 8. Be2
Bf5 9. d4 e4 10. Nd2 Qh4 11. f4 exf3 12. Nxf3 Qg3 13. Qe1 Qxe1 14. Rxe1 Nb4 15.
Bb5+ c6 16. Ba4 b5 17. Bb3 Nd3 18. Re2 b4 19. e4 Bd7 20. Nd1 c5 21. Be3 cxd4
22. Bxd4 Nf4 23. Rd2 f6 24. Ne3 Ne7 25. Rad1 Nc6 26. Bxf6 Bc5 27. Kf2 gxf6 28.
Rxd7 Bxe3+ 29. Kxe3 Nxg2+ 30. Kf2 Nf4 31. h4 Rf8 32. Ba4 Rc8 33. Rxa7 Rf7 34.
Rxf7 Kxf7 35. Rd6 Ne5 36. Nxe5+ fxe5 37. Bb3+ Ke7 38. Rb6 Rc1 39. Rb7+ Kd6 40.
Rb6+ Kc5 41. Rh6 Rh1 42. Kg3 Rh3+ 43. Kf2 Rxh4 44. a3 Rh2+ 45. Ke3 Rxb2 46.
axb4+ Kxb4 47. Bd5 h4 48. Rb6+ Kc3 49. Rxb2 Kxb2 50. Kf2 Kc3 51. Kf3 Kd4 52.
Bb7 h3 53. Kg3 Ke3 54. Kh2 Kf2 55. Bc8 Kf3 56. Bf5 Ne2 57. Kxh3 Ng3 58. Bc8
Nxe4 59. Bb7 Ke3 60. Kg2 Nf6 61. Kf1 Kd4 62. Bh1 Ne4 63. Bxe4 Kxe4 64. Ke2 Kf4
65. Kf2 e4 66. Ke1 Ke3 0-1

[Event "Quebec op U1400"]
[Site "Laval CAN"]
[Date "2022.09.02"]
[Round "2.74"]
[White "Guillemette, Thomas"]
[Black "Laramee-Lamoureux, Mickael"]
[Result "1-0"]
[WhiteElo "1307"]
[BlackElo "1374"]
[PlyCount "65"]
[EventDate "2022.09.01"]
[EventType "swiss"]
[EventRounds "9"]
[EventCountry "CAN"]

1. e4 c6 2. Nc3 d5 3. Nf3 dxe4 4. Nxe4 Bf5 5. Ng3 Bg6 6. h4 h6 7. Bc4 Nd7 8. c3
e6 9. d4 Ngf6 10. h5 Bh7 11. Bf4 c5 12. d5 Nb6 13. Bb5+ Nfd7 14. dxe6 fxe6 15.
Ne5 a6 16. Bxd7+ Nxd7 17. Qg4 Qe7 18. Nxd7 Qxd7 19. Rd1 Qf7 20. O-O Be7 21.
Rfe1 Rf8 22. Be3 Bf5 23. Nxf5 exf5 24. Qa4+ b5 25. Qa5 Qc4 26. b3 Qg4 27. Bxc5
Rf7 28. Qc7 Kf8 29. Bxe7+ Rxe7 30. Qxe7+ Kg8 31. Qb7 Rf8 32. Qxa6 f4 33. Qe6+
1-0